Catalog

Record Details

Catalog Search



Biblical Theology :  A Canonical, Thematic, and Ethical Approach Cover Image Book Book

Biblical Theology :  A Canonical, Thematic, and Ethical Approach

Record details

  • ISBN: 978-1-4335-6969-2
  • Physical Description: xxxi, 981 s.
  • Edition: First print
  • Publisher: Wheaton, Illinois :  Crossway ,  2023
Subject: Bible-Theology

Available copies

  • 1 of 1 copy available at Common Catalog SPOK.

Holds

  • 0 current holds with 1 total copy.
Show Only Available Copies
Location Call Number / Copy Notes Barcode Shelving Location Status Due Date
ETS Library 230.041 424470020761 Volný výběr Available -

LDR nam a22 i 4500
00158040
003CZ-PrJAB
00520241025103135.0
007ta
008241025s2023 us e 000 0 eng
020 . ‡a978-1-4335-6969-2
040 . ‡aABG450 ‡bcze ‡erda
08214. ‡a230.041
1001 . ‡aKöstenberger, Andreas J.
24510. ‡aBiblical Theology :  ‡bA Canonical, Thematic, and Ethical Approach
250 . ‡aFirst print
264 1. ‡aWheaton, Illinois :  ‡bCrossway ,  ‡c2023
300 . ‡axxxi, 981 s.
336 . ‡atext ‡btxt ‡2rdacontent
338 . ‡asvazek ‡bnc ‡2rdacarrier
650 7. ‡aBible-Theology
910 . ‡aABG450
901 . ‡a58040 ‡bAUTOGEN ‡c58040 ‡tbiblio

Additional Resources